00529nam a2200169Ia 4500008004100000020001800041041000800059082001800067100001900085245003300104250000600137260003200143300001300175650002500188999001900213952012700232210716s2012 xx 000 0 und d a9780749465001 aeng a658.4012 LAKN aLake, Neville. aStrategic planning workbook. a3 aNew DelhibKogan Pagec2012 axiii,223 aStrategic Management c207789d207789 001040708MBAaAIMITbAIMITd2012-12-18g895.00l0o658.4012 LAKNpMBA10355r2026-05-23 00:00:00v671.25w2021-07-16yBK